Statistiques concernant La Réponse est une chanson de Jacques Brel

Cliquez ici pour prendre le quiz!

Statistiques générales

  • Ce quiz a été pris 1 248 fois
  • Le résultat moyen est 10 sur 17

Statistiques - réponses

QuestionRéponse% Correct
Capitale européenne avec le plus gros portAmsterdam
96%
Boisson qui est parfois blonde ou bruneLa Bière
87%
Deuxième aéroport de FranceOrly
79%
Arsenal parisien détruit un 14 juilletLa Bastille
78%
Nominatif de rosae en latinRosa
76%
Surnom de la BelgiqueLe plat pays
72%
Membres d'une classe sociale aisée autant économiquement que socialementLes Bourgeois
70%
Prénom féminin et pâtisserie appréciée de MarcelMadeleine
65%
Préfecture de Haute-SaôneVesoul
64%
Prénom partagé par Seigner et la reine belgeMathilde
63%
Danse le plus souvent à 3 temps, parfois plus...La valse à mille temps
61%
Adjectif féminin pluriel signifiant "de Flandres"Les Flamandes
53%
Socialiste qui s'opposa à la première guerre mondiale jusqu'à se faire assassinerJaurès
46%
Archipel polynésien où Paul Gauguin vécutLes Marquises
33%
Apôtre, saint patron de RomeSaint-Pierre
29%
Équivalent néerlandais de MarieMarieke
23%
Lorsque le corps n'a ni nourriture, ni boissonÀ jeun
21%

Distribution des résultats

Percentile par nombre de réponses

% des personnes avec chaque résultat

Votre développement - résultats

Vous n’avez pas pris ce quiz